000 00794nas a2200253 4500
001 BR7600074
003 BR-BrBNA
005 20231205082845.0
007 ta
008 230509b bl.|||p| |||| 00| 00por d
040 _aBR-BrBNA
_bpor
_cBiblioteca Nacional de Agricultura
041 _a(Pt)
072 _aF00; F25
100 1 _aCauduro, F.A.
245 1 _aEfeitos de epoca de semeadura, adubacao e condicoes hidricas na cultura do milho [Brasil]
650 _aMILHO
650 _aSEMEADURA
650 _aADUBACAO
650 _aIRRIGACAO
650 _aRIO GRANDE DO SUL
773 0 _tRevista da Faculdade de Agronomia da Universidade Federal do Rio Grande do Sul (Brazil)
_x
_g(1975), v. 1(1) p. 165-166
_wBR7600074
909 _a202311
_bLúcia
_c55
_dLúcia Elande
942 _2AGRIS
_n0
_cANA
999 _c94656
_d94656